EEZ of Europe - Map Quiz - Statistics

General Stats
  • This quiz has been taken 229 times
  • The average score is 28 of 30
Answers on the Map
Answers color-coded by a green-red scale on the quiz's map according to % correct below.
 
Answer Stats
Answer % Correct
Russia
96%
Finland
95%
Norway
95%
Sweden
95%
Germany
94%
Italy
94%
Portugal
94%
Belgium
93%
Estonia
93%
France
93%
Poland
93%
Spain
93%
UK
93%
Bosnia and Herzegovina
92%
Denmark
92%
Iceland
92%
Ireland
92%
Latvia
92%
Lithuania
92%
Netherlands
92%
Ukraine
92%
Albania
91%
Bulgaria
91%
Croatia
91%
Romania
91%
Slovenia
91%
Greece
90%
Malta
88%
Montenegro
88%
Monaco
86%
No matching quizzes found
Score Distribution
Percent of People with Each Score
Percentile by Number Answered
Your Score History
You have not taken this quiz